header

Transmedia television (Record no. 49416)

MARC details
000 -LEADER
fixed length control field 01362nam a2200337Ia 4500
100 1# - MAIN ENTRY--AUTHOR NAME
Personal name Clarke, M. J.
245 10 - TITLE STATEMENT
Title Transmedia television
260 ## - PUBLICATION, DISTRIBUTION, ETC. (IMPRINT)
Place of publication New York :
Name of publisher Bloomsbury,
Year of publication 2013.
300 ## - PHYSICAL DESCRIPTION
Number of Pages 242 p. :
Other physical details ill.
650 #0 - SUBJECT ADDED ENTRY--TOPICAL TERM
Topical Term Convergence (Telecommunication)
Topical Term Mass media.
Topical Term Television series
Topical Term Television
856 40 - ELECTRONIC LOCATION AND ACCESS
Uniform Resource Identifier http://site.ebrary.com/lib/rucke/Doc?id=10638826

No items available.

© 2026 Rongo University
Contact us: librarian | system librarian | Rongo university